Textbook of jurisprudence (Record no. 35624)

MARC details
000 -LEADER
fixed length control field 00377nam a2200157Ia 4500
008 - FIXED-LENGTH DATA ELEMENTS--GENERAL INFORMATION
fixed length control field 230917s9999||||xx |||||||||||||| ||und||
040 ## - CATALOGING SOURCE
-- 77758
Original cataloging agency VIVEKANANDA LIBRARY
041 ## - Language
-- English
082 ## - DDC NUMBER
Classification number 340.1 P274T
100 ## - MAIN ENTRY--PERSONAL NAME
Personal name Whitecross, George
245 #0 - TITLE STATEMENT
Title Textbook of jurisprudence
250 ## - EDITION STATEMENT
Edition statement 4th ed.
260 ## - PUBLICATION, DISTRIBUTION, ETC. (IMPRINT)
Place of publication, distribution, etc Oxford
Name of publisher, distributor, etc Clarendon
Date of publication, distribution, etc 1972
300 ## - PHYSICAL DESCRIPTION
Pages xvii, 659 p.
942 ## - ADDED ENTRY ELEMENTS (KOHA)
Koha item type Books
Holdings
Withdrawn status Lost status Source of classification or shelving scheme Damaged status Not for loan Location (home branch) Sublocation or collection (holding branch) Date acquired Koha issues (times borrowed) Koha full call number Accession No. Koha date last seen Koha item type
Withdrawn   Dewey Decimal Classification Damaged   VIVEKANANDA LIBRARY VIVEKANANDA LIBRARY 04/03/2003   340.1 P274T 10096 17/09/2023 Books
          VIVEKANANDA LIBRARY VIVEKANANDA LIBRARY 04/03/2003   340.1 P274T 64793 17/09/2023 Books
          VIVEKANANDA LIBRARY VIVEKANANDA LIBRARY 04/03/2003   340.1 P274T 75711 17/09/2023 Books
© Designed and Maintained by Vivekananda Library, MDU Rohtak